Yugioh Anime Trivia - Statistics

General Stats
  • This quiz has been taken 510 times
  • The average score is 9 of 15
Answer Stats
Question Answer % Correct
What is Yugi's Signature Card? Dark Magician
99%
What game was invented by Duke Devlin and played against Yugi? Dungeon Dice Monsters
81%
How did Yugi acquire Slifer the Sky Dragon? He defeated Strings, a minion of Marik
80%
How many Millenium Items are there? 7
78%
Yugi used many ridiculous strategies to defeat his opponents in the Duelist Kingdom Arc. Whitch one of them did he NOT use? He used all of these strategies
75%
Yugi lost to Rafael in the Seal of Orichalcos filler arc. What kind of deck does Rafael use in the anime? Guardians
71%
Who does Yugi NOT fight in the Battle City Arc (including the finals)? Espa Roba
65%
How did Yami defeat Dartz Divine Serpent Geh in his duel with him in the episode "A Duel With Dartz"? His Knight of Destiny attacked with "infinite attack"
61%
Which one of these opponents did Yugi not fight in the Duelist Kingdom Arc? Rex Raptor
61%
What was the last Monster to appear in the anime? Silent Magician
56%
What card that Yugi plays against Weevil in the Seal of Orichalcos arc leads to the infamous DRAW, MONSTA CARDO scene? Beserker Soul
53%
Which character in the Anime has the best win-loss record in all of the duels shown? Tea Gardner
50%
What monster first appears in Yugi's tag duel with Kaiba vs Lumis and Umbra? Valkyrion the Magna Warrior
41%
How did Yugi defeat Noah in the Virtual World Arc? He attacked with three Blue Eyes White Dragons
38%
Who did Yugi face in the finals of the Kaiba Grand Prix? Leon
37%
No matching quizzes found
Score Distribution
Percent of People with Each Score
Percentile by Number Answered
Your Score History
You have not taken this quiz